000
00205nam a22000857a 4500
001
1235206
005
20250930112122.0
245
_a
AŞK VE DOSLUK
_c
BRIGITTE LABBE
260
_b
GÜNIŞIĞI KİTAPLIĞI YAYINLARI
999
_c
1235206
_d
1235206